Normale Ansicht MARC-Ansicht ISBD

Bismarck, der Osten und das Reich / (Titelsatznr. 39215)

[ MARC ]
MARC-Details
000 -Satzkennung
Kontrollfeld mit fester Länge 00487nam a22001931c 4500
001 - Kontrollnummer
Kontrollfeld a987677733
008 - Feld mit fester Länge zur physischen Beschreibung - Allgemeine Angaben
Kontrollfeld mit fester Länge 161028s1960 gw |||| 000u ger d
041 ## - Sprachcode
Sprachcode des Textes/der Tonspur oder des separaten Titels ger
040 ## - Katalogisierungsquelle
Übertragungsstelle RU-10907106
003 - Kontrollnummer Identifier
Kontrollfeld RU-10907106
100 1# - Haupteintragung - Personenname
Personenname Rothfels, Hans
245 00 - Titel
Titel Bismarck, der Osten und das Reich /
Verfasserangabe etc. Hans Rothfels
264 ## - Produktion, Veröffentlichung, Distribution, Herstellung und Urheberrechtsvermerk
Herstellungs-, Veröffentlichungs- Vertriebs-, Erzeugungsort Darmstadt :
Produzent, Herausgeber, Distributor, Hersteller Wiss. Buchges.,
Datum der Herstellung, der Veröffentlichung, des Vertriebs oder des Urheberschutzvermerks 1960
300 ## - Physische Beschreibung
Umfang 295 S.
650 #0 - Nebeneintragung unter einem Schlagwort - Sachschlagwort
Sachschlagwort oder geografischer Name als Eintragungselement Außenpolitik
650 #0 - Nebeneintragung unter einem Schlagwort - Sachschlagwort
Sachschlagwort oder geografischer Name als Eintragungselement Bismarck, Otto von
650 #0 - Nebeneintragung unter einem Schlagwort - Sachschlagwort
Sachschlagwort oder geografischer Name als Eintragungselement Deutschland
942 ## - Zusätzliche Felder (Koha)
Koha-Medientyp Monographien
Exemplare
Ausgeschieden Verloren Klassifikation oder Aufstellungssystematik Beschädigt Nicht entleihbar Heimatbibliothek Aufenthaltsbibliothek Aufstellungsort Erwerbungsdatum Inventarnummer Signatur Barcode Letzte Aktivität Preis gültig von Koha-Medientyp
    Andere/Generische Klassifikation     MWN Osteuropa MWN Osteuropa Lesesaal - 1 28/10/2016 16-03833 Ersatzß D 44 ad Bis 22 E0040150790B1E4C 23/02/2021 22/03/2021 Monographien